| 000 | 00990nam a2200229 a 4500 | ||
|---|---|---|---|
| 001 | 78569 | ||
| 003 | BD-RjUL | ||
| 005 | 20250914112424.0 | ||
| 008 | 211010s1983 bg ||||| |||| 00| 0 ben d | ||
| 035 | _a(BD-RjUL)78795 | ||
| 040 |
_aBD-RjUL _bben _cBD-RjUL _dBD-RjUL |
||
| 041 | _aben | ||
| 082 |
_223 _a491.445 _bSAA 1983 |
||
| 100 | 1 |
_aসাকলায়েন, গোলাম _9166475 |
|
| 245 | 1 | 0 |
_aএকের ভিতরে পাঁচ : _b[উদ্দেশ্যমূলক প্রশ্নোত্তর সম্বলিত] / _cগোলাম সাকলায়েন |
| 250 | _a১৪ তম পরিবর্ধিত ও পরিমার্জিত সং. | ||
| 260 |
_aঢাকা : _bবাংলাদেশ বুক করপোরেশন, _c১৯৮৩ |
||
| 300 |
_aবিভিন্ন পৃ. ; _c২০ সেমি. |
||
| 650 |
_aবাংলা ব্যাকরণ _9121623 |
||
| 650 |
_aBangali Grammar _9166595 |
||
| 942 |
_2ddc _cBK |
||
| 999 |
_c78569 _d78569 |
||